A dreamer's journey : (Record no. 553373)

000 -LEADER
fixed length control field 00528nam a22001577a 4500
082 00 - DEWEY DECIMAL CLASSIFICATION NUMBER
Classification number 920
-- FRA
100 1# - MAIN ENTRY--PERSONAL NAME
Personal name Cohen, Morris Raphael,
9 (RLIN) 38794
245 12 - TITLE STATEMENT
Title A dreamer's journey :
Remainder of title the autobiography of Morris Raphael Cohen.
260 ## - PUBLICATION, DISTRIBUTION, ETC.
Place of publication, distribution, etc. New York :
Name of publisher, distributor, etc. Arno Press,
500 ## - GENERAL NOTE
General note Includes index.
500 ## - GENERAL NOTE
General note Reprint of the ed. published by Beacon Press, Boston.
526 ## - STUDY PROGRAM INFORMATION NOTE
Program name 0
Interest level 0
Reading level 0
Title point value 920_000000000000000
650 #0 - SUBJECT ADDED ENTRY--TOPICAL TERM
Topical term or geographic name entry element Jews
Geographic subdivision United States.
9 (RLIN) 50618
650 #0 - SUBJECT ADDED ENTRY--TOPICAL TERM
Topical term or geographic name entry element Philosophers
Geographic subdivision United States
General subdivision Biography.
9 (RLIN) 50619
942 ## - ADDED ENTRY ELEMENTS (KOHA)
Source of classification or shelving scheme
Koha item type Book
Holdings
Withdrawn status Lost status Source of classification or shelving scheme Damaged status Not for loan Permanent Location Current Location Shelving location Date acquired Total Checkouts Full call number Barcode Date last seen Price effective from Koha item type
          Military College of Engineering (MCE) Military College of Engineering (MCE)   02/09/2015   920 MCE-MCA/10.1 02/09/2015 02/09/2015 Book
© 2023 Central Library, National University of Sciences and Technology. All Rights Reserved.